Texas journal of women and the law (Registro nro. 160269)
[ vista simple ]
| 000 -LEADER | |
|---|---|
| fixed length control field | 01069ny a22002653n 4500 |
| 008 - FIXED-LENGTH DATA ELEMENTS--GENERAL INFORMATION | |
| fixed length control field | 910904c19929999txufr1p og 0 a0eng d |
| 022 ## - | |
| -- | 1058-5427 |
| 035 ## - | |
| -- | 4052 |
| 040 ## - CATALOGING SOURCE | |
| Original cataloging agency | UCA |
| Modifying agency | vLex |
| 090 ## - | |
| -- | 1807 |
| -- | 1807 |
| 245 00 - TITLE STATEMENT | |
| Title | Texas journal of women and the law |
| Medium | [Recurso electrónico] |
| 256 ## - | |
| -- | Servicio en línea. |
| 260 ## - PUBLICATION, DISTRIBUTION, ETC. (IMPRINT) | |
| Place of publication, distribution, etc | Austin, Tex. : |
| Name of publisher, distributor, etc | University of Texas at Austin, School of Law Publications |
| 310 ## - | |
| -- | Semestral |
| 506 1# - RESTRICTIONS ON ACCESS NOTE | |
| Terms governing access | Contenido solo disponible en los productos indicados |
| Authorized users | vLex Global |
| -- | vLex Global (Academic Edition, excluding Law Schools) |
| -- | vLex Global (U.S. Academic Edition, excluding Law Schools) |
| 650 04 - SUBJECT ADDED ENTRY--TOPICAL TERM | |
| Topical term or geographic name as entry element | Discriminación sexual |
| General subdivision | Derecho |
| Geographic subdivision | Estados Unidos |
| 650 04 - SUBJECT ADDED ENTRY--TOPICAL TERM | |
| Topical term or geographic name as entry element | Mujeres |
| General subdivision | Derecho |
| Geographic subdivision | Estados Unidos |
| General subdivision | Publicaciones periódicas |
| 710 2# - ADDED ENTRY--CORPORATE NAME | |
| Corporate name or jurisdiction name as entry element | University of Texas at Austin. |
| Subordinate unit | School of Law. |
| 740 0# - | |
| -- | vLex Revista (Servicios en línea) |
| 843 ## - | |
| -- | Electrónica. Abierta |
| 853 ## - | |
| -- | 1 |
| -- | (year) |
| -- | (month) |
| -- | (day) |
| 856 40 - LOCALIZACIÓN Y ACCESO ELECTRÓNICO | |
| Identificador Uniforme del Recurso (URI/URL) | https://app.vlex.com/#/sources/4052 |
| 942 ## - | |
| -- | RAA |
| 999 ## - | |
| -- | 160269 |
| -- | 160269 |
No hay ítems disponibles.